000 00371nam a2200145 i 4500
001 bg
100 1 _aMUCHIN, K. M.
245 0 _aDoświadczalna fizyka jądrowa.
_nT. 1,
_pFizyka jądra atomowego /
_cK.M. Muchin.
260 _aWarszawa,
_c1978.
040 _cBPK
041 _apol
080 _a539.1+621.039
942 _cKS
008 s pl f |000 0 pol
999 _c47174
_d47174
856 _uhttp://koha.tu.koszalin.pl/cgi-bin/koha/opac-detail.pl?biblionumber=47174
_yKatalog online BPK